Numbers 1-500! - Statistics

General Stats
  • This quiz has been taken 19 times
  • The average score is 172 of 500
Answer Stats
Answer % Correct
1
100%
11
100%
12
100%
14
100%
2
100%
21
100%
22
100%
3
100%
4
100%
5
100%
6
100%
7
100%
8
100%
9
100%
10
92%
13
92%
15
92%
16
92%
17
92%
18
92%
19
92%
23
92%
25
92%
27
92%
28
92%
55
92%
57
92%
74
92%
84
92%
20
83%
24
83%
26
83%
30
83%
32
83%
33
83%
34
83%
35
83%
37
83%
42
83%
44
83%
45
83%
47
83%
51
83%
52
83%
58
83%
64
83%
66
83%
67
83%
68
83%
73
83%
79
83%
82
83%
83
83%
100
75%
111
75%
112
75%
29
75%
31
75%
36
75%
38
75%
39
75%
41
75%
43
75%
46
75%
48
75%
49
75%
50
75%
53
75%
54
75%
56
75%
59
75%
60
75%
61
75%
62
75%
63
75%
65
75%
69
75%
70
75%
71
75%
72
75%
75
75%
76
75%
77
75%
78
75%
80
75%
81
75%
87
75%
88
75%
89
75%
94
75%
99
75%
101
67%
109
67%
113
67%
121
67%
122
67%
40
67%
85
67%
86
67%
90
67%
91
67%
92
67%
93
67%
95
67%
96
67%
97
67%
98
67%
102
58%
103
58%
104
58%
105
58%
106
58%
107
58%
108
58%
110
58%
114
58%
115
58%
116
58%
117
58%
118
58%
119
58%
120
58%
123
58%
124
50%
125
50%
126
50%
127
50%
128
50%
129
50%
130
50%
140
50%
151
50%
161
50%
171
50%
191
50%
222
50%
131
42%
133
42%
135
42%
141
42%
142
42%
143
42%
166
42%
169
42%
170
42%
177
42%
180
42%
181
42%
199
42%
200
42%
211
42%
212
42%
221
42%
223
42%
224
42%
225
42%
232
42%
300
42%
331
42%
332
42%
334
42%
335
42%
336
42%
500
42%
132
33%
134
33%
136
33%
137
33%
138
33%
139
33%
146
33%
150
33%
152
33%
153
33%
154
33%
155
33%
157
33%
158
33%
159
33%
160
33%
162
33%
163
33%
164
33%
165
33%
167
33%
168
33%
175
33%
176
33%
178
33%
179
33%
182
33%
183
33%
184
33%
185
33%
186
33%
187
33%
188
33%
189
33%
190
33%
201
33%
202
33%
210
33%
218
33%
219
33%
220
33%
226
33%
227
33%
228
33%
229
33%
230
33%
231
33%
233
33%
235
33%
238
33%
240
33%
241
33%
255
33%
262
33%
330
33%
333
33%
337
33%
338
33%
339
33%
343
33%
400
33%
444
33%
445
33%
447
33%
144
25%
145
25%
147
25%
148
25%
149
25%
156
25%
172
25%
173
25%
174
25%
192
25%
193
25%
194
25%
195
25%
196
25%
197
25%
198
25%
203
25%
204
25%
205
25%
206
25%
207
25%
208
25%
209
25%
213
25%
214
25%
215
25%
216
25%
217
25%
234
25%
236
25%
237
25%
239
25%
242
25%
244
25%
245
25%
250
25%
252
25%
256
25%
257
25%
258
25%
259
25%
260
25%
261
25%
273
25%
275
25%
282
25%
322
25%
340
25%
342
25%
344
25%
446
25%
448
25%
449
25%
488
25%
489
25%
490
25%
491
25%
499
25%
243
17%
246
17%
247
17%
248
17%
249
17%
251
17%
253
17%
254
17%
263
17%
264
17%
265
17%
266
17%
270
17%
272
17%
277
17%
280
17%
281
17%
288
17%
292
17%
299
17%
303
17%
309
17%
310
17%
311
17%
321
17%
323
17%
341
17%
345
17%
350
17%
353
17%
355
17%
360
17%
363
17%
366
17%
370
17%
371
17%
372
17%
373
17%
374
17%
377
17%
388
17%
399
17%
411
17%
414
17%
422
17%
423
17%
440
17%
441
17%
442
17%
443
17%
450
17%
451
17%
452
17%
453
17%
454
17%
455
17%
456
17%
487
17%
492
17%
493
17%
494
17%
495
17%
496
17%
497
17%
498
17%
267
8%
268
8%
269
8%
271
8%
274
8%
276
8%
278
8%
279
8%
283
8%
284
8%
285
8%
286
8%
287
8%
289
8%
290
8%
291
8%
293
8%
294
8%
295
8%
296
8%
297
8%
298
8%
301
8%
302
8%
304
8%
305
8%
306
8%
307
8%
308
8%
312
8%
313
8%
314
8%
315
8%
316
8%
317
8%
318
8%
319
8%
320
8%
324
8%
325
8%
326
8%
327
8%
328
8%
329
8%
346
8%
347
8%
348
8%
349
8%
351
8%
352
8%
354
8%
356
8%
357
8%
358
8%
359
8%
361
8%
362
8%
364
8%
365
8%
367
8%
368
8%
369
8%
375
8%
376
8%
378
8%
379
8%
380
8%
381
8%
382
8%
383
8%
384
8%
385
8%
386
8%
387
8%
389
8%
390
8%
391
8%
392
8%
393
8%
394
8%
395
8%
396
8%
397
8%
398
8%
401
8%
402
8%
403
8%
404
8%
405
8%
406
8%
407
8%
408
8%
409
8%
410
8%
412
8%
413
8%
415
8%
416
8%
417
8%
418
8%
419
8%
420
8%
421
8%
424
8%
425
8%
426
8%
427
8%
428
8%
429
8%
430
8%
431
8%
433
8%
457
8%
458
8%
459
8%
466
8%
467
8%
474
8%
477
8%
478
8%
480
8%
481
8%
482
8%
483
8%
484
8%
485
8%
486
8%
432
0%
434
0%
435
0%
436
0%
437
0%
438
0%
439
0%
460
0%
461
0%
462
0%
463
0%
464
0%
465
0%
468
0%
469
0%
470
0%
471
0%
472
0%
473
0%
475
0%
476
0%
479
0%
No matching quizzes found
Score Distribution
Percent of People with Each Score
Percentile by Number Answered
Your Score History
You have not taken this quiz